000
00321nam a2200109Ia 4500
008
200302s9999 xx 000 0 und d
100
_a
Emily Waugh
245
_a
Recycling Spaces Curating Urban Evolution: the Landscpe Design of Martha Schwartz Partners
260
_b
Thames and Hudson Ltd.
260
_c
2011
300
_a
293
999
_c
5834
_d
5834